[Event "Druzynowe Mistrzostwa Polski w Szachach I LIGA 2021"]
[Site "Szklarska Poreba"]
[Date "1899-12-30"]
[Round "6.42"]
[White "Adamczyk, Zuzanna"]
[Black "Murawko, Katarzyna"]
[Result "1-0"]
[WhiteTitle "WCM"]
[BlackTitle "WCM"]
[WhiteElo "2055"]
[BlackElo "1974"]

1. d4 Nf6 2. c4 e6 3. g3 c5 4. d5 exd5 5. cxd5 d6 6. Bg2 g6 7. Nc3 Bg7 8. Nf3 O-O
9. O-O Na6 10. Bf4 Nc7 11. a4 b6 12. e4 Nh5 13. Bg5 f6 14. Be3 f5 15. Bg5 Bf6
16. Bxf6 Qxf6 17. Re1 Bb7 18. e5 Qe7 19. e6 a6 20. Qd2 b5 21. Ng5 Nf6 22. Nf7
b4 23. Ne2 Bxd5 24. Bxd5 Nfxd5 25. Rad1 Nf6 26. Qxd6 Qxd6 27. Rxd6 Nxe6 28. Nh6+
Kg7 29. Nxf5+ gxf5 30. Rxe6 Kf7 31. Re5 Rfe8 32. Rxc5 Re7 33. Kf1 Rae8 34. Rxf5
Kg6 35. Rc5 Ne4 36. Rc2 Kg7 37. Rec1 b3 38. Rc7 Nd2+ 39. Kg2 Rxc7 40. Rxc7+ Kf6
41. Nc1 Re1 42. Rc3 Ne4 43. Rf3+ Ke6 44. Nxb3 Rb1 45. Re3 1-0

[Event "Druzynowe Mistrzostwa Polski w Szachach I LIGA 2021"]
[Site "Szklarska Poreba"]
[Date "1899-12-30"]
[Round "6.43"]
[White "Bobula, Mateusz"]
[Black "Klimkowski, Jan"]
[Result "1/2-1/2"]
[WhiteTitle "IM"]
[BlackTitle "FM"]
[WhiteElo "2329"]
[BlackElo "2342"]

1. d4 Nf6 2. c4 e6 3. Nf3 Bb4+ 4. Nbd2 O-O 5. a3 Be7 6. g3 b6 7. Bg2 Bb7 8. O-O
c5 9. Qc2 Nc6 10. dxc5 bxc5 11. b3 Qb6 12. Bb2 d6 13. Rab1 Rab8 14. e3 h6 15.
Bc3 a5 16. Rfd1 Rfd8 17. Ne1 Ne8 18. Nd3 Bf6 19. Ne4 Bxc3 20. Nxc3 Na7 21. Bxb7
Qxb7 22. a4 Nf6 23. Nb5 Ne4 24. Ne1 f5 25. f3 Ng5 26. Kf2 Nf7 27. Qc3 Nc6 28.
Rd2 Qe7 29. Rbd1 Rd7 30. Nd3 Rbd8 31. h4 Kh7 32. Nf4 Nfe5 33. h5 Kg8 34. Kg2 Nb4
35. Qb2 Nf7 36. Qb1 Qf6 37. e4 e5 38. Ng6 f4 39. g4 Nh8 40. Nxh8 Kxh8 41. Rh1
Nc6 1/2-1/2

[Event "Druzynowe Mistrzostwa Polski w Szachach I LIGA 2021"]
[Site "Szklarska Poreba"]
[Date "1899-12-30"]
[Round "6.44"]
[White "Szadkowski, Kamil"]
[Black "Toczek, Grzegorz"]
[Result "1/2-1/2"]
[WhiteTitle "FM"]
[BlackTitle "FM"]
[WhiteElo "2338"]
[BlackElo "2271"]

1. e4 c5 2. Nf3 d6 3. d4 cxd4 4. Nxd4 Nf6 5. Nc3 Nc6 6. f3 Qb6 7. Nb3 e6 8. Qe2
a6 9. g4 Nd7 10. Be3 Qc7 11. a4 b6 12. Bg2 Be7 13. g5 Bb7 14. O-O 1/2-1/2

[Event "Druzynowe Mistrzostwa Polski w Szachach I LIGA 2021"]
[Site "Szklarska Poreba"]
[Date "1899-12-30"]
[Round "6.45"]
[White "Kyc, Jerzy"]
[Black "Snihur, Piotr"]
[Result "1/2-1/2"]
[WhiteTitle "m"]
[BlackTitle "k+"]
[WhiteElo "2252"]
[BlackElo "2272"]

1. e4 c6 2. d4 d5 3. Nd2 dxe4 4. Nxe4 Bf5 5. Ng3 Bg6 6. Nf3 Nd7 7. Bd3 Ngf6 8.
O-O e6 9. c4 Be7 10. Re1 O-O 11. b3 a5 12. a4 Qc7 13. Bb2 Rad8 14. Bxg6 hxg6 15.
Qc2 Nb8 16. Ne4 Na6 17. Neg5 Nb4 18. Qe2 Nh7 19. Nxe6 fxe6 20. Qxe6+ Rf7 21. Ne5
Bf6 22. Nxf7 Qxf7 23. Qe4 c5 24. Rad1 Ng5 25. Qg4 Nc2 26. Re2 Nxd4 27. Bxd4 cxd4
28. h4 Nh7 29. g3 Nf8 30. Qe4 Qd7 31. Rd3 Kf7 32. Rf3 Re8 33. Qd3 Rxe2 34. Qxe2
Ne6 35. Qd2 b6 36. g4 Kg8 37. g5 Be5 38. Qe2 Qd6 39. Qe4 Nf4 40. c5 Qxc5 41. Rxf4
Qc1+ 42. Kg2 Qxf4 43. Qxg6 Qf7 44. Qc6 g6 45. Qxb6 Qd5+ 46. Kf1 Kf7 47. Qa7+ Ke6
48. Qa6+ Bd6 49. Qd3 Kf7 50. Qh3 Bb4 51. h5 Qxg5 52. Qd7+ Kg8 53. hxg6 Qf6 54.
Qh7+ Kf8 55. Qh6+ Qg7 56. Qf4+ Ke7 57. Qe4+ Kd6 58. Qf4+ Ke6 59. Qe4+ Kf6 60.
Qxd4+ Kxg6 61. Qg4+ Kf7 62. Qd7+ Kg8 63. Qe8+ Qf8 64. Qg6+ Kh8 65. Qh5+ Kg7 66.
Qg5+ Kf7 67. Qf5+ Ke7 68. Qe5+ Kd7 69. Qd4+ Kc6 70. Qe4+ Kb6 71. Qe6+ Qd6 72.
Qe2 Qc6 73. Qe3+ Bc5 74. Qd3 Qh1+ 75. Ke2 Qh5+ 76. Kf1 Bb4 77. Qd8+ Kc6 78. Qc8+
Kd6 79. Qb8+ Ke6 80. Qc8+ Ke5 81. Qc7+ Kf5 82. Qc8+ Kf6 83. Qc6+ Kf7 84. Qc4+
Kg7 85. Qd4+ Kg8 86. Qc4+ Qf7 87. Qg4+ Kh7 88. Qh4+ Kg7 89. Qg4+ Qg6 90. Qd7+
Kg8 91. Qd5+ Kh8 1/2-1/2

[Event "Druzynowe Mistrzostwa Polski w Szachach I LIGA 2021"]
[Site "Szklarska Poreba"]
[Date "1899-12-30"]
[Round "6.46"]
[White "Leskiewicz, Ignacy"]
[Black "Sernecki, Franciszek"]
[Result "1/2-1/2"]
[WhiteTitle "k"]
[BlackTitle "FM"]
[WhiteElo "2169"]
[BlackElo "2211"]

1. e4 e6 2. d4 d5 3. Nd2 Be7 4. Ngf3 Nf6 5. e5 Nfd7 6. Bd3 c5 7. c3 b6 8. Qe2 a5
9. O-O Ba6 10. Ne1 Bxd3 11. Qxd3 Nc6 12. Kh1 O-O 13. f4 Rc8 14. a3 Qc7 15. Ndf3
a4 16. f5 cxd4 17. cxd4 Nd8 18. Bg5 Bxg5 19. Nxg5 Qc4 20. fxe6 Qxd3 21. Nxd3 Nxe6
22. Nxe6 fxe6 23. Rxf8+ 1/2-1/2

[Event "Druzynowe Mistrzostwa Polski w Szachach I LIGA 2021"]
[Site "Szklarska Poreba"]
[Date "1899-12-30"]
[Round "6.47"]
[White "Gesicki, Jacek"]
[Black "Kwiatkowski, Wiktor"]
[Result "1-0"]
[WhiteTitle "FM"]
[BlackTitle "I++"]
[WhiteElo "2166"]
[BlackElo "2077"]

1. e4 c5 2. Nf3 d6 3. c3 Nf6 4. h3 e6 5. Bd3 Nc6 6. Bc2 d5 7. e5 Nd7 8. d4 cxd4
9. cxd4 Nb4 10. Bb3 b6 11. a3 Nc6 12. Bg5 f6 13. exf6 gxf6 14. Ba4 Bb7 15. Bh4
Bg7 16. Qe2 Qe7 17. Nc3 O-O 18. O-O Rfe8 19. Rac1 Rac8 20. Rfe1 Qf8 21. Nb5 Ba6
22. Qd1 Ndb8 23. Bg3 Bxb5 24. Bxb5 a6 25. Bxc6 Rxc6 26. Bxb8 Rxc1 27. Qxc1 Rxb8
28. Qc6 Qd8 29. Qxe6+ Kf8 30. Rc1 Bh6 31. Rc6 Qe7 32. Qxf6+ Qxf6 33. Rxf6+ Kg7
34. Rc6 a5 35. g3 b5 36. b3 Rf8 37. Kg2 a4 38. bxa4 bxa4 39. Ra6 1-0

[Event "Druzynowe Mistrzostwa Polski w Szachach I LIGA 2021"]
[Site "Szklarska Poreba"]
[Date "1899-12-30"]
[Round "6.48"]
[White "Pastuszko, Kinga"]
[Black "Trybowska, Barbara"]
[Result "1/2-1/2"]
[WhiteTitle "k+"]
[BlackTitle "I++"]
[WhiteElo "1984"]
[BlackElo "1806"]

1. e4 c5 2. Nf3 d6 3. d4 cxd4 4. Nxd4 Nf6 5. Nc3 g6 6. Be2 a6 7. O-O Bg7 8. Re1
O-O 9. Bf1 b5 10. Bg5 Bb7 11. Nd5 Nbd7 12. c3 h6 13. Bxf6 Nxf6 14. Nxf6+ Bxf6
15. Qd2 Kh7 16. a4 e5 17. Nf3 Qb6 18. Qd3 b4 19. cxb4 Qxb4 20. Qc4 a5 21. Rad1
Qxc4 22. Bxc4 Be7 23. Re2 Kg7 24. h3 Rfc8 25. b3 Rc5 26. g4 f5 27. Nd2 fxe4 28.
Nxe4 Bxe4 29. Rxe4 Rf8 30. Kg2 g5 31. Re3 Rf4 32. Red3 Rf8 33. Rd5 Rfc8 34. Kf3
Rf8+ 35. Ke3 Rfc8 36. f3 Kf6 37. Ke4 Rxc4+ 38. bxc4 Rxc4+ 39. Ke3 Rxa4 40. Rxd6+
Bxd6 41. Rxd6+ Kg7 42. Rd7+ 1/2-1/2

[Event "Druzynowe Mistrzostwa Polski w Szachach I LIGA 2021"]
[Site "Szklarska Poreba"]
[Date "1899-12-30"]
[Round "6.49"]
[White "Kaczmarek, Aleksander"]
[Black "Klekowski, Maciej"]
[Result "1/2-1/2"]
[WhiteTitle "FM"]
[BlackTitle "GM"]
[WhiteElo "2368"]
[BlackElo "2510"]

1. e4 e5 2. Nf3 Nc6 3. Nc3 Nf6 4. g3 Bc5 5. Bg2 d6 6. d3 a6 7. Be3 Bg4 8. Bxc5
dxc5 9. Qd2 Qe7 10. Nh4 O-O-O 11. h3 Be6 12. b3 Nd4 13. Nf3 Nxf3+ 14. Bxf3 Nd7
15. Bg2 Nb8 16. Nd5 Qd6 17. Qg5 g6 18. O-O Nc6 19. Rfe1 Kb8 20. c3 f5 21. a3 Rhf8
1/2-1/2

[Event "Druzynowe Mistrzostwa Polski w Szachach I LIGA 2021"]
[Site "Szklarska Poreba"]
[Date "1899-12-30"]
[Round "6.50"]
[White "Seemann, Jakub"]
[Black "Gahan, M G"]
[Result "0-1"]
[WhiteTitle "FM"]
[BlackTitle "FM"]
[WhiteElo "2294"]
[BlackElo "2279"]

1. d4 Nf6 2. c4 g6 3. Nc3 d5 4. cxd5 Nxd5 5. e4 Nxc3 6. bxc3 Bg7 7. Qa4+ Nd7 8.
Nf3 c5 9. Be2 O-O 10. O-O Nb6 11. Qa3 cxd4 12. cxd4 Bg4 13. Bg5 Bxf3 14. Bxf3
Qxd4 15. Rad1 Qb2 16. Qxb2 Bxb2 17. Bxe7 Rfe8 18. Bc5 Nc4 19. Bd4 Red8 20. Bxb2
Nxb2 21. Rb1 Rd2 22. Rfc1 b6 23. Rc7 a5 24. Kf1 Rad8 25. Ke1 Na4 26. Be2 Nc5 27.
Rxb6 Rc2 28. Rb1 Nd3+ 29. Bxd3 Rxc7 30. Ke2 Rc3 31. Rd1 a4 32. Rd2 a3 33. Bb5
Rb8 34. Bd3 Rc1 35. g3 Rb2 36. h4 h5 37. e5 Kf8 38. Ke3 Ke7 39. Re2 Rxe2+ 40.
Kxe2 Ke6 41. Kd2 Rc7 42. f4 Kd5 43. Bc2 Kd4 44. e6 fxe6 45. Bxg6 Rb7 46. Bxh5
Rb2+ 47. Kc1 Rxa2 48. Kb1 Rg2 49. Bg4 Rg1+ 50. Ka2 Kd5 51. Bf3+ Kd6 52. g4 Rf1
0-1

[Event "Druzynowe Mistrzostwa Polski w Szachach I LIGA 2021"]
[Site "Szklarska Poreba"]
[Date "1899-12-30"]
[Round "6.51"]
[White "Skomial, Mateusz"]
[Black "Karolczuk, Iwo"]
[Result "0-1"]
[WhiteTitle "I++"]
[BlackTitle "k+"]
[WhiteElo "2062"]
[BlackElo "2383"]

1. e4 c5 2. Nf3 e6 3. d4 cxd4 4. Nxd4 a6 5. c4 Nf6 6. Nc3 Bb4 7. Bd3 Bxc3+ 8. bxc3
d6 9. Qa4+ Qd7 10. Qc2 Qc7 11. Ba3 e5 12. Nf5 Bxf5 13. exf5 O-O 14. Rb1 Nbd7 15.
O-O Nc5 16. Be2 Rab8 17. Rfd1 Rfd8 18. g4 h6 19. Qd2 b5 20. Qe3 Nce4 21. f3 Ng5
22. Kg2 Qc6 23. Kg3 e4 24. f4 Nf3 25. cxb5 axb5 26. Bb4 d5 27. Bxf3 exf3 28. Qxf3
Qc4 29. Rb2 Re8 30. Rd4 Qc7 31. Kg2 Re4 32. g5 hxg5 33. fxg5 Ng4 34. Rxe4 Qxh2+
35. Kf1 dxe4 36. Qxg4 Qxb2 37. Qxe4 Qc1+ 38. Kf2 Qxg5 39. Kf3 Rd8 40. Bc5 Qh5+
41. Kg3 Qg5+ 42. Kf3 g6 43. Be7 gxf5 44. Bxg5 fxe4+ 45. Kxe4 Rc8 46. Bf6 Kh7 0-1

[Event "Druzynowe Mistrzostwa Polski w Szachach I LIGA 2021"]
[Site "Szklarska Poreba"]
[Date "1899-12-30"]
[Round "6.52"]
[White "Przewoznik, Jan"]
[Black "Kulesza, Andrzej"]
[Result "1-0"]
[WhiteTitle "IM"]
[BlackTitle "I++"]
[WhiteElo "2309"]
[BlackElo "1983"]

1. e4 c5 2. Nf3 d6 3. c3 Nf6 4. Be2 g6 5. O-O Bg7 6. Bb5+ Bd7 7. Bxd7+ Nbxd7 8.
Re1 Ne5 9. d4 Nxf3+ 10. Qxf3 cxd4 11. cxd4 Nd7 12. Be3 O-O 13. Nc3 Rc8 14. Rac1
a6 15. Rc2 b5 16. Rec1 Nb6 17. b3 Qd7 18. Qe2 Qb7 19. d5 Rc7 20. f3 Rfc8 21. Nd1
Nd7 22. Nf2 Nc5 23. Kf1 Kf8 24. g4 Nd7 25. Kg2 Rxc2 26. Rxc2 Rc7 27. Nd3 Qc8 28.
Rxc7 Qxc7 29. Nb4 Nb8 30. Kf2 Qc3 31. Qc2 Ke8 32. Ke2 Kd7 33. Qxc3 Bxc3 34. Nc2
Kc7 35. Kd3 Ba5 36. Bg5 Kd8 37. Be3 Kc7 38. f4 Nd7 39. g5 Nc5+ 40. Bxc5 dxc5 41.
e5 Kb7 42. Ne3 Kc8 43. Ng4 Kd7 44. Nf2 Bb6 45. Ne4 Ba7 46. h3 Bb6 47. a4 Kc7 48.
axb5 axb5 49. Nc3 c4+ 50. bxc4 bxc4+ 51. Kxc4 Be3 52. d6+ Kd7 53. Nd5 Bc1 54.
dxe7 Bd2 55. Kd3 Bc1 56. Ke4 Bd2 57. f5 gxf5+ 58. Kxf5 Ba5 59. Kf6 Ke8 60. h4
1-0

[Event "Druzynowe Mistrzostwa Polski w Szachach I LIGA 2021"]
[Site "Szklarska Poreba"]
[Date "1899-12-30"]
[Round "6.53"]
[White "Paprocki, Antoni"]
[Black "Walter, Szymon"]
[Result "0-1"]
[WhiteTitle "I++"]
[BlackTitle "FM"]
[WhiteElo "1894"]
[BlackElo "2284"]

1. d4 Nf6 2. c4 e6 3. g3 c5 4. d5 exd5 5. cxd5 d6 6. Nc3 g6 7. Bg2 Bg7 8. Nf3 O-O
9. O-O Re8 10. Re1 a6 11. a4 Nbd7 12. e4 Ng4 13. Nd2 Nge5 14. Qe2 g5 15. h3 Rb8
16. Nf1 Nf8 17. Ne3 Nfg6 18. Rf1 b5 19. axb5 axb5 20. f4 gxf4 21. gxf4 Nc4 22.
Nxc4 bxc4 23. Qxc4 Rb4 24. Qd3 f5 25. Qg3 Kh8 26. Ra8 Rg8 27. exf5 Ne7 28. Qh4
Qf8 29. Ne4 Nxf5 30. Qh5 Rxe4 31. Bxe4 Bh6+ 32. Bg2 Qf6 33. Kh2 Qg7 34. Qf3 Nh4
35. Qc3 Qxc3 36. bxc3 Rxg2+ 37. Kh1 Rg8 38. c4 Bg7 39. f5 Bxf5 40. Rxg8+ Kxg8
41. Kh2 Bd3 42. Rd1 Be2 43. Rh1 Be5+ 44. Kg1 Bf3 0-1

[Event "Druzynowe Mistrzostwa Polski w Szachach I LIGA 2021"]
[Site "Szklarska Poreba"]
[Date "1899-12-30"]
[Round "6.54"]
[White "Marcinczyk, Monika"]
[Black "Budkiewicz, Magdalena"]
[Result "1/2-1/2"]
[WhiteTitle "WCM"]
[BlackTitle "k"]
[WhiteElo "1982"]
[BlackElo "1827"]

1. e4 c5 2. Nf3 d6 3. d4 cxd4 4. Nxd4 Nf6 5. Nc3 e6 6. Be3 Be7 7. f3 h5 8. Qd2
a6 9. O-O-O b5 10. a3 Bb7 11. Rg1 Nbd7 12. h3 h4 13. g4 hxg3 14. Rxg3 g6 15. Qg2
e5 16. Nb3 Qc7 17. Be2 Rc8 18. Rd2 d5 19. exd5 Bxa3 20. Kb1 Bxb2 21. Ne4 Bc3 22.
d6 Qc6 23. Nxc3 Qxc3 24. Bd3 Bd5 25. Bd4 Qb4 26. Bb2 a5 27. Qe2 a4 28. Bxe5 Be6
29. Bxf6 Nxf6 30. Bxb5+ Kf8 31. Rd4 Qc3 32. d7 Rd8 33. Rd3 Qc7 34. Rxg6 axb3 35.
Rxf6 bxc2+ 36. Qxc2 Qb6 37. Qc6 Qxc6 38. Bxc6 Ke7 39. Rf4 Rxh3 40. Rfd4 Rh2 41.
Re3 Rg8 42. Rd1 Rb8+ 43. Kc1 Ra2 44. Bd5 Ra1+ 45. Kc2 Rxd1 46. Kxd1 Kxd7 47. Bxe6+
fxe6 48. Rd3+ Ke7 49. Ke2 Kf6 50. Ke3 Rb4 51. Ra3 Ke5 52. Ra5+ Kf6 53. Ra3 Ke5
54. Ke4+ 1/2-1/2

[Event "Druzynowe Mistrzostwa Polski w Szachach I LIGA 2021"]
[Site "Szklarska Poreba"]
[Date "1899-12-30"]
[Round "6.55"]
[White "Fus, Jakub"]
[Black "Maciejczak, Jakub"]
[Result "0-1"]
[WhiteTitle "FM"]
[BlackTitle "FM"]
[WhiteElo "2376"]
[BlackElo "2363"]

1. e4 c6 2. d4 d5 3. e5 Bf5 4. Nd2 e6 5. Nb3 Nd7 6. Nf3 h6 7. Be2 Ne7 8. O-O Bh7
9. a4 a6 10. Bd2 Ng6 11. a5 Be7 12. c4 O-O 13. g3 f6 14. exf6 Nxf6 15. Bd3 Ne4
16. Qe2 Bd6 17. Be3 Qf6 18. Ne1 e5 19. cxd5 cxd5 20. Ng2 Rae8 21. Bxe4 dxe4 22.
d5 Nf4 23. gxf4 exf4 24. Bd4 Qg5 25. h4 Qxg2+ 26. Kxg2 f3+ 27. Kg1 fxe2 28. Rfe1
Rf5 29. Rxe2 Rxd5 30. Bc3 Be7 31. Rae1 Bxh4 32. Nd2 Rg5+ 33. Kh2 Rf8 34. Bd4 Rxa5
35. b4 Rd5 36. Bc5 Rf7 37. Kg1 e3 38. Kh2 Rxf2+ 39. Kh3 Rxe2 40. Rxe2 exd2 0-1

[Event "Druzynowe Mistrzostwa Polski w Szachach I LIGA 2021"]
[Site "Szklarska Poreba"]
[Date "1899-12-30"]
[Round "6.56"]
[White "Janaszak, Dawid"]
[Black "Baum, Jonasz"]
[Result "1/2-1/2"]
[WhiteTitle "FM"]
[BlackTitle "IM"]
[WhiteElo "2348"]
[BlackElo "2254"]

1. e4 c5 2. Nc3 a6 3. g3 b5 4. Bg2 Bb7 5. d3 e6 6. Nh3 Nf6 7. O-O d6 8. f4 Nbd7
9. f5 e5 10. g4 h6 11. a4 b4 12. Nb1 c4 13. Nf2 cxd3 14. cxd3 d5 15. Nd2 Bc5 16.
Qe2 h5 17. gxh5 Nxh5 18. Nf3 dxe4 19. dxe4 Qb6 20. a5 Qb5 21. Re1 Qxe2 22. Rxe2
Nhf6 1/2-1/2

[Event "Druzynowe Mistrzostwa Polski w Szachach I LIGA 2021"]
[Site "Szklarska Poreba"]
[Date "1899-12-30"]
[Round "6.57"]
[White "Dalkowski, Rafal"]
[Black "Dudzinski, Piotr"]
[Result "1/2-1/2"]
[WhiteTitle "k"]
[BlackTitle "FM"]
[WhiteElo "2252"]
[BlackElo "2321"]

1. d4 d5 2. c4 e6 3. Nc3 Nf6 4. Nf3 Be7 5. Bg5 O-O 6. e3 Nbd7 7. Bd3 c5 8. cxd5
exd5 9. O-O b6 10. Ne5 Bb7 11. f4 cxd4 12. exd4 Ne4 13. Bxe7 Qxe7 14. Rc1 Nxe5
15. fxe5 Qg5 16. Qe2 f5 17. Nb5 Ba6 18. Nc7 Bxd3 19. Qxd3 Rac8 20. Rc2 Qh4 21.
Nxd5 Rxc2 22. Qxc2 Rd8 23. Nf4 Qe7 24. Rd1 Kh8 25. Qe2 g5 26. Nh5 Qb4 27. Qc2
Qe7 28. Ng3 Nxg3 29. hxg3 f4 30. gxf4 gxf4 31. Qe4 Rf8 32. Rf1 Qg5 33. e6 f3 34.
Rxf3 Qc1+ 35. Kh2 Rxf3 36. gxf3 Qd2+ 37. Kg3 Qg5+ 38. Qg4 Qc1 39. Qe4 Qg5+ 40.
Kf2 Qd2+ 41. Kg3 Qg5+ 1/2-1/2

[Event "Druzynowe Mistrzostwa Polski w Szachach I LIGA 2021"]
[Site "Szklarska Poreba"]
[Date "1899-12-30"]
[Round "6.58"]
[White "Jasnikowski, Zbigniew"]
[Black "Jarzebowski, Kacper"]
[Result "1-0"]
[WhiteTitle "IM"]
[BlackTitle "k+"]
[WhiteElo "2326"]
[BlackElo "2090"]

1. d4 Nf6 2. c4 g6 3. Nf3 Bg7 4. g3 d6 5. Bg2 O-O 6. Nc3 c6 7. O-O Bf5 8. Qb3 Qc8
9. Re1 Be6 10. e4 b5 11. e5 Bxc4 12. exf6 Bxb3 13. fxg7 Kxg7 14. axb3 Qc7 15.
b4 Nd7 16. Rxe7 Rfe8 17. Rxe8 Rxe8 18. Be3 d5 19. Bf4 Qb7 20. h3 f6 21. h4 Nb6
22. Ne1 h6 23. b3 Qe7 24. Nd3 g5 25. hxg5 hxg5 26. Be3 Qc7 27. Ne2 Nc8 28. g4
Kg6 29. Nc5 Re7 30. Bf3 Nd6 31. Kg2 f5 32. Nd3 f4 33. Bd2 Ne4 34. Be1 Qd6 35.
Ra6 Kg7 36. Ne5 Rc7 37. Nc3 Nxc3 38. Bxc3 Kf8 39. Be2 Qh6 40. Bf3 Qe6 41. Kf1
Ke7 42. Ke1 Kd8 43. Be2 Qc8 44. Ra1 Rh7 45. Kd2 Qb7 46. Rxa7 Qxa7 47. Nxc6+ Kc8
48. Nxa7+ Rxa7 49. Bxb5 Ra2+ 50. Ke1 Rc2 51. Bd2 Kc7 52. Kd1 Rb2 53. Ba4 Kb6 54.
f3 Ra2 55. b5 Rb2 56. Ke2 Ra2 57. Kd3 Kb7 58. b6 Kxb6 59. Bd7 Rb2 60. b4 Ra2 61.
Be6 Kc6 62. b5+ Kd6 63. Bf7 Rb2 64. Be8 Ke7 65. Bc6 Kd6 66. Ke2 Ke6 67. Kd1 Rb3
68. Ke2 Rb2 69. Kd3 Ra2 70. b6 Kd6 71. Be8 Rb2 72. Ba5 Ke7 73. Kc3 Rb1 74. Kc2
1-0

[Event "Druzynowe Mistrzostwa Polski w Szachach I LIGA 2021"]
[Site "Szklarska Poreba"]
[Date "1899-12-30"]
[Round "6.59"]
[White "Janeczko, Jakub"]
[Black "Dudzinski, Pawel"]
[Result "1/2-1/2"]
[WhiteTitle "I++"]
[BlackTitle "FM"]
[WhiteElo "2007"]
[BlackElo "2203"]

1. e4 c6 2. d4 d5 3. e5 c5 4. dxc5 e6 5. Be3 Nd7 6. f4 Bxc5 7. Bxc5 Nxc5 8. Nf3
Ne7 9. Bb5+ Bd7 10. Bxd7+ Qxd7 11. Nc3 Rc8 12. Nd4 a6 13. O-O b5 14. Qf3 b4 15.
Nce2 Ne4 1/2-1/2

[Event "Druzynowe Mistrzostwa Polski w Szachach I LIGA 2021"]
[Site "Szklarska Poreba"]
[Date "1899-12-30"]
[Round "6.60"]
[White "Andrejczuk, Beata"]
[Black "Rejniak, Zuzanna"]
[Result "1-0"]
[WhiteTitle "WFM"]
[BlackTitle "k"]
[WhiteElo "2011"]
[BlackElo "1810"]

1. d4 Nf6 2. Bf4 g6 3. e3 Bg7 4. Nf3 d6 5. h3 O-O 6. Be2 c5 7. c3 a6 8. a4 b6 9.
Nbd2 Bb7 10. Qb3 Nbd7 11. a5 b5 12. c4 e5 13. dxe5 dxe5 14. Bg3 b4 15. O-O Qe7
16. Rfd1 e4 17. Nh2 Ne5 18. Bh4 h5 19. Qc2 Rfe8 20. Nhf1 Qe6 21. Bxf6 Bxf6 22.
Nxe4 Bxe4 23. Qxe4 Rad8 24. Rd5 Rxd5 25. cxd5 Qc8 26. Rd1 c4 27. Qc2 b3 28. Qd2
Qc5 29. Rc1 Bd8 30. Qd4 Qxd4 31. exd4 Nd3 32. Bxd3 cxd3 33. Rd1 Bxa5 34. Rxd3
Rb8 35. Ne3 Bd8 36. Nc4 a5 37. Re3 a4 38. Re8+ Kg7 39. d6 f6 40. d7 Kf7 41. Kf1
Ra8 42. Ke2 a3 43. bxa3 Rb8 44. Nb2 Ra8 45. Kd3 Rxa3 46. Rxd8 Ke7 47. Rb8 Kxd7
48. Kc3 1-0

[Event "Druzynowe Mistrzostwa Polski w Szachach I LIGA 2021"]
[Site "Szklarska Poreba"]
[Date "1899-12-30"]
[Round "6.61"]
[White "Goluch, Piotr"]
[Black "Psyk, Radoslaw"]
[Result "1-0"]
[WhiteTitle "IM"]
[BlackTitle "k++"]
[WhiteElo "2318"]
[BlackElo "2400"]

1. d4 Nf6 2. c4 e6 3. Nc3 Bb4 4. Nf3 c5 5. a3 Bxc3+ 6. bxc3 Qa5 7. Bd2 b6 8. e3
Bb7 9. Bd3 Ne4 10. Qc2 f5 11. O-O O-O 12. Rfd1 Na6 13. Be1 Nc7 14. Nd2 Nxd2 15.
Rxd2 Rf7 16. f3 Raf8 17. Bg3 Ne8 18. h4 d6 19. Rdd1 Kh8 20. a4 Bc8 21. Rdb1 Bd7
22. Qc1 Bc6 23. d5 exd5 24. cxd5 Bxd5 25. Bb5 a6 26. Bxe8 Rxe8 27. c4 b5 28. axb5
Qd8 29. cxd5 axb5 30. Rxb5 h6 31. Rab1 Qf6 32. Rb8 Rff8 33. Rxe8 Rxe8 34. Rb7
f4 35. Bxf4 Qxh4 36. Qc3 Rg8 37. Bxd6 Qg5 38. Be5 Re8 39. Bxg7+ Kg8 40. e4 Ra8
41. Bf6 Ra1+ 42. Qxa1 Qe3+ 43. Kh1 Qg1+ 1-0

[Event "Druzynowe Mistrzostwa Polski w Szachach I LIGA 2021"]
[Site "Szklarska Poreba"]
[Date "1899-12-30"]
[Round "6.62"]
[White "Zaskalski, Arkadiusz"]
[Black "Dzida, Kamil"]
[Result "1/2-1/2"]
[WhiteTitle "k"]
[BlackTitle "k+"]
[WhiteElo "2160"]
[BlackElo "2224"]

1. c4 Nf6 2. Nf3 b6 3. g3 Bb7 4. Bg2 c5 5. Nc3 e6 6. O-O Be7 7. d4 cxd4 8. Qxd4
d6 9. e4 a6 10. b3 Nbd7 11. Re1 O-O 12. Qd2 Qc7 13. Nd4 Rac8 14. Ba3 Rfd8 15.
Bb4 Nc5 16. Qc2 Bf8 17. Rac1 Qb8 18. Ba3 d5 19. exd5 exd5 20. cxd5 Nd3 21. Qxd3
Bxa3 22. Rc2 Bb4 23. Rec1 Qe5 24. Nf3 Qd6 25. Ne4 Rxc2 26. Qxc2 Nxe4 27. Qxe4
Bxd5 28. Qh4 Be6 29. Ng5 Bf5 30. Ne4 Qd4 31. Bf3 Bxe4 32. Qxe4 Qxe4 33. Bxe4 Bc5
34. Rc2 Rd1+ 35. Kg2 g6 36. Bf3 Rd8 37. h4 f5 38. Be2 a5 39. Bc4+ Kg7 40. a4 h5
41. f4 Rd1 1/2-1/2

[Event "Druzynowe Mistrzostwa Polski w Szachach I LIGA 2021"]
[Site "Szklarska Poreba"]
[Date "1899-12-30"]
[Round "6.63"]
[White "Jankowiak, Tomasz"]
[Black "Markiewicz, Jerzy"]
[Result "1/2-1/2"]
[WhiteTitle "k"]
[BlackTitle "FM"]
[WhiteElo "2169"]
[BlackElo "2197"]

1. e4 c5 2. Nf3 d6 3. d4 cxd4 4. Nxd4 Nf6 5. Nc3 a6 6. Bg5 e6 7. f4 Be7 8. Qf3
h6 9. Bh4 Qc7 10. O-O-O Nbd7 11. Bd3 g5 12. fxg5 Ne5 13. Qf2 hxg5 14. Bxg5 Nfg4
15. Qd2 Bxg5 16. Qxg5 Qc5 17. Qg7 Rf8 18. Nb3 Qb6 19. Rd2 Bd7 20. h3 Ne3 21. Qf6
N3c4 22. Bxc4 Nxc4 23. Rd4 Rc8 24. Rhd1 Qc7 25. Rxc4 Qxc4 26. Rxd6 Rg8 27. Rd4
Qc7 28. Rd2 Bc6 29. Nd4 Qe7 30. Qe5 Rg5 31. Qh8+ Qf8 32. Qh4 Rg6 33. Nxc6 bxc6
34. e5 Qh6 35. Qd4 Kf8 36. Qd7 Re8 37. Kb1 Qe3 38. Qd6+ Kg7 39. Nd1 Qe4 40. Nc3
Qc4 41. Rf2 c5 42. Qc6 1/2-1/2

[Event "Druzynowe Mistrzostwa Polski w Szachach I LIGA 2021"]
[Site "Szklarska Poreba"]
[Date "1899-12-30"]
[Round "6.64"]
[White "Augustyn, Sebastian"]
[Black "Statucki, Maciej"]
[Result "1/2-1/2"]
[WhiteTitle "k"]
[BlackTitle "I"]
[WhiteElo "2147"]
[BlackElo "1833"]

1. e4 c5 2. Nf3 Nc6 3. d4 cxd4 4. Nxd4 g6 5. Nc3 Bg7 6. Nde2 Nf6 7. g3 O-O 8. Bg2
d6 9. O-O Rb8 10. a4 a6 11. h3 Be6 12. Nd5 b5 13. axb5 axb5 14. Re1 Ra8 15. Rxa8
Qxa8 16. Nc7 Qb8 17. Nxe6 fxe6 18. Nf4 e5 19. Nd5 e6 20. Nxf6+ Bxf6 21. h4 h5
22. Qd3 Kf7 23. Rd1 Ke7 24. Be3 b4 25. Bh3 Rd8 26. Qc4 Qc8 27. Bb6 Rf8 28. Bxe6
Qxe6 29. Qxc6 Rc8 30. Bc7 d5 31. Qc5+ Kf7 32. exd5 Qg4 33. Rd3 e4 34. Re3 Qd1+
35. Kg2 Bd4 36. Qd6 Bxe3 37. Qd7+ Kf6 38. Bd8+ Rxd8 39. Qxd8+ Kf7 40. Qd7+ Kf8
1/2-1/2

[Event "Druzynowe Mistrzostwa Polski w Szachach I LIGA 2021"]
[Site "Szklarska Poreba"]
[Date "1899-12-30"]
[Round "6.65"]
[White "Dryja, Szymon"]
[Black "Mika, Tomasz"]
[Result "0-1"]
[WhiteTitle "I++"]
[BlackTitle "I++"]
[WhiteElo "1858"]
[BlackElo "2137"]

1. d4 Nf6 2. Bg5 c5 3. d5 Ne4 4. h4 Nxg5 5. hxg5 g6 6. Nd2 Bg7 7. c3 b5 8. e4 b4
9. Rc1 bxc3 10. bxc3 d6 11. Bd3 O-O 12. Ne2 e6 13. Nf3 exd5 14. exd5 Re8 15. Qd2
Qa5 16. O-O Ba6 17. Ng3 Nd7 18. Rfd1 Nb6 19. Ne4 Bxd3 20. Qxd3 Qxa2 21. Nxd6 Red8
22. Ne4 Rxd5 23. Qe3 Rxd1+ 24. Rxd1 Qe6 25. Nf6+ Bxf6 26. Qxe6 fxe6 27. gxf6 Kf7
28. Ng5+ Kxf6 29. Nxh7+ Kf5 30. Rd3 a5 31. Rf3+ Ke5 32. Re3+ Kd6 33. Ng5 Re8 34.
Ne4+ Kc6 35. Nf6 Re7 36. Ng8 Rd7 37. Rxe6+ Kb5 38. Re1 Nd5 39. Rb1+ Kc4 40. Ra1
Ra7 41. Nh6 a4 42. Ng4 a3 43. Ne5+ Kxc3 44. Rc1+ Kb3 45. Nd3 c4 46. Re1 cxd3 0-1

[Event "Druzynowe Mistrzostwa Polski w Szachach I LIGA 2021"]
[Site "Szklarska Poreba"]
[Date "1899-12-30"]
[Round "6.66"]
[White "Mirowska, Oliwia"]
[Black "Czarniecka, Aleksandra"]
[Result "1/2-1/2"]
[WhiteTitle "k"]
[BlackTitle "m"]
[WhiteElo "1778"]
[BlackElo "2021"]

1. e4 c5 2. Nf3 d6 3. Bb5+ Bd7 4. Bc4 Nf6 5. Qe2 Nc6 6. c3 e5 7. Ng5 Be6 8. Nxe6
fxe6 9. Bxe6 Qe7 10. Bb3 O-O-O 11. d3 Kb8 12. Be3 Rc8 13. Nd2 g6 14. O-O h5 15.
h3 Bh6 16. Bxh6 Rxh6 17. Nc4 Rch8 18. Ne3 Qd8 19. a4 g5 20. Nf5 R6h7 21. Rfd1
Qb6 22. Ba2 Ne7 23. Nxe7 Rxe7 24. b4 cxb4 25. Rdb1 Qc5 26. Rxb4 g4 27. Rc4 Qa5
28. h4 g3 29. fxg3 Ng4 30. Rf1 Qb6+ 31. Kh1 a6 32. Qf3 Qb2 33. Bb1 Qd2 34. Rg1
Nf2+ 35. Kh2 Ng4+ 36. Kh1 Nf2+ 37. Kh2 Ng4+ 38. Kh1 Rhe8 39. a5 Nf2+ 40. Kh2 Ng4+
41. Kh1 Rg7 42. Ra4 Reg8 43. Ra2 Qxc3 44. Rc2 Qxa5 45. Ba2 Re8 46. Rb1 Qd8 47.
Qe2 Rf8 48. Qe1 Qf6 49. Bc4 Ka7 50. Kg1 Qh6 51. Re2 Rc8 1/2-1/2